Statistics for Top Ten Bagel Flavors

Click here to take the quiz!

General Stats

  • This quiz has been taken 26 times
  • The average score is 4 of 10

Answer Stats

HintAnswer% Correct
1Plain
94%
2Everything
78%
7Sesame
67%
4Blueberry
44%
5Cinnamon Raisin
28%
3Asiago
17%
9Chocolate Chip
11%
8Cinnamon Sugar
6%
6French Toast
6%
10Pretzel
6%

Score Distribution

Percentile by Number Answered

Percent of People with Each Score

Your Score History

You have not taken this quiz